Účetní závěrka pro podnikatele od roku 1993 v podvojném účetnictví

Saved in:
Bibliographic Details
Main Author: Fišerová, Eva
Other Authors: Fišer, Jaroslav
Format: Book
Language:Czech
Published: Praha Refis 1993
Edition:1. vyd.
Subjects:
Tags: Add Tag
No Tags, Be the first to tag this record!

MARC

LEADER 00000nam a2200000 4500
001 c004505
005 20221214083056.3
020 |a 80-901649-0-0 
041 0 |a cze 
044 |a CZ 
245 1 0 |a Účetní závěrka pro podnikatele od roku 1993 v podvojném účetnictví  |c Eva Fišerová, Jaroslav Fišer 
250 |a 1. vyd. 
264 1 |a Praha  |b Refis  |c 1993 
300 |a 156 s. 
610 2 0 |a účtovníctvo podvojné 
610 2 0 |a podnikatelia 
610 2 0 |a 1993 
610 2 0 |a závierka účtovná 
610 2 0 |a knihy účtovné 
610 2 0 |a legislatíva 
610 2 0 |a analýza finančná 
100 1 |a Fišerová, Eva 
700 1 |a Fišer, Jaroslav